UM Logo

Record keeping (Record no. 21650)

MARC details
000 -LEADER
fixed length control field 00498nam a22001337a 4500
005 - DATE AND TIME OF LATEST TRANSACTION
control field 20241207164318.0
008 - FIXED-LENGTH DATA ELEMENTS--GENERAL INFORMATION
fixed length control field 240916b ||||| |||| 00| 0 eng d
100 ## - MAIN ENTRY--PERSONAL NAME
Personal name Dollente, Saturnino T.
Relator term author.
9 (RLIN) 14042
245 ## - TITLE STATEMENT
Title Record keeping
Remainder of title its relevance to teaching /
Statement of responsibility, etc. Saturnino T. Dollente.
260 ## - PUBLICATION, DISTRIBUTION, ETC. (IMPRINT)
Place of publication, distribution, etc. Philippines;
Name of publisher, distributor, etc. Publishers Association of the Philippines, Inc.,
Date of publication, distribution, etc. January 2018.
300 ## - PHYSICAL DESCRIPTION
Extent Volume 66, pages 302-303.
700 ## - ADDED ENTRY--PERSONAL NAME
Personal name Dollente, Saturnino T.
Relator term author.
9 (RLIN) 14042
942 ## - ADDED ENTRY ELEMENTS (KOHA)
Source of classification or shelving scheme Dewey Decimal Classification
Koha item type Periodicals
Holdings
Withdrawn status Lost status Source of classification or shelving scheme Damaged status Not for loan Collection code Home library Current library Date acquired Total Checkouts Date last seen Price effective from Koha item type Public note
    Dewey Decimal Classification     Periodicals UM Digos College - LIC UM Digos College - LIC 09/16/2024   09/16/2024 09/16/2024 Periodicals Periodical Article